000 00724cab a2200277 4500
001 X1347
008 090401t1994 xxu||||| |||| 00| 0 eng d
035 _a(Sirsi) u16366
041 _aeng
245 _aDeterminations and appeal decisions on the Building Regulations
260 _c1994
350 _a0
490 _aCSM (Chartered Surveyor Monthly)
_v3(6) March 1994, 36(1)
650 _aBANK BASEMENT
650 _aCOLLAPSE
650 _aESCAPE ROUTE
650 _aEXTENSION
650 _aFLAT ROOF
650 _aLOFT COVERSION
650 _aMEANS OF ESCAPE
650 _aSMOKE DETECTOR
650 _aWAREHOUSE
690 _aBUILDING AND CONSTRUCTION-REGULATIONS
942 _n0
948 _c04/03/1997
999 _c10764
_d10764